000 00841nam0a22002651 4500
001 RU\NLR\INFOCOMM\LIB\13562
005 20250617205054.0
035 _a(NLR Aleph) 004283688
090 _a2382353
_c2382353
100 _a20020109d1958 |||y0rusy50 ca
101 1 _afin
_crus
102 _aRU
105 _aa ||||000ay
200 1 _aIhmiskohtalo
_ekertomus
_fMihail Šolohov
_gsuom. L. Holm
210 _aPetroskoi
_cKarjalan ASNT:n valtion kustannusliike
_d1958
215 _a70, [2] с.
_cил.
_d20см
300 _aНа 4-й стр. : М.Шолохов.Судьба человека
700 1 _aŠolohov
_bM.A.
_f1905-1984
_gMihail Aleksandrovič
_4070
702 1 _aHolm
_bL.
801 1 _aRU
_bInfoComm
_c20020109
801 0 _aRU
_bNLR
_gPSBO
_c19581007
852 _aNLR
_bН
_jФин/2-7496
942 _cBOOK
980 _aNB